000 00528nam a2200181Ia 4500
005 20250508161547.0
008 008 250505s9999 xx 000 0 eng d
037 _aTextual
040 _aFEDL
_beng
_cFEDL
041 _aeng
_2eng
084 _a370.72, NAT
_qFEDL
245 0 _aEighth conference of national association of teacher educators
260 _aDelhi, India
_bKapur Printing Press
_c1965
300 _aviii,138p.
650 _aEducation
942 _cTEXL
_h370.72, NAT
999 _c1370782
_d1370782